{"text_format":"1","workbook":"xlsx","n_sheets":10,"sheets":["1ª MEDIÇÃO","2ª MEDIÇÃO","3ª MEDIÇÃO","4ª MEDIÇÃO","5ª MEDIÇÃO","6ª MEDIÇÃO","7ª MEDIÇÃO","8ª MEDIÇÃO","9ª MEDIÇÃO","PLANILHA SINTÉTICA"],"not_rendered":{"charts":0,"images":2,"macros":1,"external_links":12,"defined_names":1440,"comments":0,"pivot_tables":0},"unopened":[],"bounds":{"document_bytes":16777216,"sheet_cells":100000,"rows_first":2000,"rows_last":500,"rows_between":2000,"halvings":0,"cell_chars":16384,"cell_head_chars":4096},"cells_cut":0,"cells_raw":0,"read":"whole","date_system":"1900"}

{"sheet":"1ª MEDIÇÃO","index":0,"n_rows":4,"n_cols":10,"rows_kept":4,"cut":false,"hidden":true,"merged":[[0,0,0,8],[1,0,1,8],[2,0,2,8]]}
["TRIBUNAL DE JUSTIÇA DE PERNAMBUCO"]
[{"$f":"#REF!","v":{"$error":"#REF!"}}]
["MEMÓRIA DE CALCULO - 1ª MEDIÇÃO"]
["ITEM","DESCRIÇÃO","QUANT.","LARG.","COMP.","ALT.","TAXA","TOTAL","UNID","MEMORIAL FOTOGRÁFICO"]

{"sheet":"2ª MEDIÇÃO","index":1,"n_rows":4,"n_cols":10,"rows_kept":4,"cut":false,"hidden":true,"merged":[[0,0,0,8],[1,0,1,8],[2,0,2,8]]}
["TRIBUNAL DE JUSTIÇA DE PERNAMBUCO"]
[{"$f":"#REF!","v":{"$error":"#REF!"}}]
["MEMÓRIA DE CALCULO - 2ª MEDIÇÃO"]
["ITEM","DESCRIÇÃO","QUANT.","LARG.","COMP.","ALT.","TAXA","TOTAL","UNID","MEMORIAL FOTOGRÁFICO"]

{"sheet":"3ª MEDIÇÃO","index":2,"n_rows":4,"n_cols":10,"rows_kept":4,"cut":false,"hidden":true,"merged":[[0,0,0,8],[1,0,1,8],[2,0,2,8]]}
["TRIBUNAL DE JUSTIÇA DE PERNAMBUCO"]
[{"$f":"#REF!","v":{"$error":"#REF!"}}]
["MEMÓRIA DE CALCULO - 3ª MEDIÇÃO"]
["ITEM","DESCRIÇÃO","QUANT.","LARG.","COMP.","ALT.","TAXA","TOTAL","UNID","MEMORIAL FOTOGRÁFICO"]

{"sheet":"4ª MEDIÇÃO","index":3,"n_rows":4,"n_cols":10,"rows_kept":4,"cut":false,"hidden":true,"merged":[[0,0,0,8],[1,0,1,8],[2,0,2,8]]}
["TRIBUNAL DE JUSTIÇA DE PERNAMBUCO"]
[{"$f":"#REF!","v":{"$error":"#REF!"}}]
["MEMÓRIA DE CALCULO - 4ª MEDIÇÃO"]
["ITEM","DESCRIÇÃO","QUANT.","LARG.","COMP.","ALT.","TAXA","TOTAL","UNID","MEMORIAL FOTOGRÁFICO"]

{"sheet":"5ª MEDIÇÃO","index":4,"n_rows":4,"n_cols":10,"rows_kept":4,"cut":false,"hidden":true,"merged":[[0,0,0,8],[1,0,1,8],[2,0,2,8]]}
["TRIBUNAL DE JUSTIÇA DE PERNAMBUCO"]
[{"$f":"#REF!","v":{"$error":"#REF!"}}]
["MEMÓRIA DE CALCULO - 5ª MEDIÇÃO"]
["ITEM","DESCRIÇÃO","QUANT.","LARG.","COMP.","ALT.","TAXA","TOTAL","UNID","MEMORIAL FOTOGRÁFICO"]

{"sheet":"6ª MEDIÇÃO","index":5,"n_rows":4,"n_cols":10,"rows_kept":4,"cut":false,"hidden":true,"merged":[[0,0,0,8],[1,0,1,8],[2,0,2,8]]}
["TRIBUNAL DE JUSTIÇA DE PERNAMBUCO"]
[{"$f":"#REF!","v":{"$error":"#REF!"}}]
["MEMÓRIA DE CALCULO - 6ª MEDIÇÃO"]
["ITEM","DESCRIÇÃO","QUANT.","LARG.","COMP.","ALT.","TAXA","TOTAL","UNID","MEMORIAL FOTOGRÁFICO"]

{"sheet":"7ª MEDIÇÃO","index":6,"n_rows":4,"n_cols":10,"rows_kept":4,"cut":false,"hidden":true,"merged":[[0,0,0,8],[1,0,1,8],[2,0,2,8]]}
["TRIBUNAL DE JUSTIÇA DE PERNAMBUCO"]
[{"$f":"#REF!","v":{"$error":"#REF!"}}]
["MEMÓRIA DE CALCULO - 7ª MEDIÇÃO"]
["ITEM","DESCRIÇÃO","QUANT.","LARG.","COMP.","ALT.","TAXA","TOTAL","UNID","MEMORIAL FOTOGRÁFICO"]

{"sheet":"8ª MEDIÇÃO","index":7,"n_rows":4,"n_cols":10,"rows_kept":4,"cut":false,"hidden":true,"merged":[[0,0,0,8],[1,0,1,8],[2,0,2,8]]}
["TRIBUNAL DE JUSTIÇA DE PERNAMBUCO"]
[{"$f":"#REF!","v":{"$error":"#REF!"}}]
["MEMÓRIA DE CALCULO - 8ª MEDIÇÃO"]
["ITEM","DESCRIÇÃO","QUANT.","LARG.","COMP.","ALT.","TAXA","TOTAL","UNID","MEMORIAL FOTOGRÁFICO"]

{"sheet":"9ª MEDIÇÃO","index":8,"n_rows":4,"n_cols":10,"rows_kept":4,"cut":false,"hidden":true,"merged":[[0,0,0,8],[1,0,1,8],[2,0,2,8]]}
["TRIBUNAL DE JUSTIÇA DE PERNAMBUCO"]
[{"$f":"#REF!","v":{"$error":"#REF!"}}]
["MEMÓRIA DE CALCULO - 9ª MEDIÇÃO"]
["ITEM","DESCRIÇÃO","QUANT.","LARG.","COMP.","ALT.","TAXA","TOTAL","UNID","MEMORIAL FOTOGRÁFICO"]

{"sheet":"PLANILHA SINTÉTICA","index":9,"n_rows":418,"n_cols":7,"rows_kept":418,"cut":false,"hidden":false,"merged":[[417,0,417,5],[3,7,3,8],[4,7,4,8],[7,5,7,6],[7,4,8,4],[7,0,8,0],[7,2,8,2],[7,3,8,3],[7,1,8,1],[5,7,5,8],[6,7,6,8],[3,0,4,3],[3,5,3,6],[4,5,4,6],[5,0,6,3],[5,5,5,6],[6,5,6,6],[0,7,0,8],[1,7,1,8],[2,7,2,8],[0,0,0,3],[0,5,0,6],[1,0,2,3],[1,5,1,6],[2,5,2,6]]}
["PODER JUDICIÁRIO",null,null,null,"Obra:","SERVIÇOS DE REFORMA DA ESCOLA JUDICIAL DO TJPE"]
["TRIBUNAL DE JUSTIÇA DE PERNAMBUCO",null,null,null,"Local:","Av. Desembargador Otílio Neiva Coelho, s/n - Ilha Joana Bezerra - Recife/PE cep: 50.080-900"]
[null,null,null,null,"Contrato:","099/2023 -TJPE"]
["DIRETORIA DE ENGENHARIA E ARQUITETURA",null,null,null,"Situação:","Encerrada"]
[null,null,null,null,"Contratada:","PLÍNIO CAVALCANTI & CIA LTDA"]
["QUANTITATIVOS E PREÇOS CONTRATADOS",null,null,null,"Valor Total:",{"$f":"G418","v":6199478.8600000013}]
[null,null,null,null,"DATA ASSINATURA DO CONTRATO","2023-10-19"]
["ITEM","Cód. Efisco","DESCRIÇÃO","UN","QUANT. TOTAL","TOTAL"]
[null,null,null,null,null,"P. UNIT","P. TOTAL"]
["1.0",null,"PROJETOS E ART´S"]
["1.1","439519-0","ART Execução de obra - responsável técnico da contratada.","un",1,320.73,320.73]
["1.2","507876-8","Elaboração do PGRCC - Plano de Gerenciamento de Resíduos da Construção Civil","un",1,2425,2425]
["1.3","411682-8","AS BUILT dos projetos de arquitetura, de climatização, de instalações elétricas, e de prevenção e combate a incêndio do 5º piso.","m²",1560,1.07,1669.2]
["1.4","442078-0","Projeto executivo de climatização e renovação de ar, para adequação do 5º andar ao novo layout de arquitetura, com as respectivas plantas, lista com quantitativo e especificações dos equipamentos e materiais, conforme memorial descritivo.","un",1,20786.7,20786.7]
["2.0",null,"ADMINISTRAÇÃO DA OBRA / MAQUINAS E EQUIPAMENTOS",null,null,0,0]
["2.1","314578-6","Mobilização da obra (pessoal, máquinas e equipamentos).","un",1,1664.97,1664.97]
["2.2","401010-8","Administração local pelo período da obra.","un/mês",8,32204.350000000002,257634.8]
["2.3","424313-7","Locação de andaime do tipo fachadeiro compostos de quadros verticais com, plataformas contraventamento diagonais, barra de ligação, escadas de acesso, piso metálico, base ajustável e travamento em tubo e demais acessórios necessários, inclusive carregamento, descarregamento, montagem e desmontagem.","m²xmês",8822.73,18.600000000000001,164102.76999999999]
["2.4","411686-0","Locação de  andaime metálico tubular tipo torre, com plataforma metálica, guarda-corpo metálico, escada, inclusive montagem e desmontagem.","mxmês",128,44.44,5688.32]
["2.5","439363-5","Locação de andaime suspenso ou balancim manual, capacidade de carga total de aproximadamente 250 kg/m², plataforma de 1,50 m x 0,80 m (c x l), cabo de 45 m.","mês",3,781.07,2343.21]
["3.0",null,"CANTEIRO DE OBRA",null,null,0,0]
["3.1","501875-7","Placa de obra em lona plástica  impressão digital alta resolução com acabamento em ilhós, fixação em abraçadeiras de nylon, estrutura em ferro galvanizado.","m²",4,483.67999999999995,1934.72]
["3.2","478789-7","Locação de container 2,30 x 6,00 m, alt. 2,50 m, com 1 sanitário, para escritório, completo, sem divisórias internas.                                                                                                                                                                                                                                                                                                                ","un/mês",8,999.02,7992.16]
["3.3","475654-1","Locação de container 2,30 x 4,30 m, alt. 2,50 m, para sanitário, com 5 bacias, 1 lavatório e 4 mictórios.","un/mês",8,1248.77,9990.16]
["3.4","349916-2","Frete para entrega\\ retirada de container para obra em RECIFE em Guindauto (Munck) modelo Argos 20.5 com capacidade para 6,0 ton. a 4,0 m de raio. ","un",4,1391.19,5564.76]
["3.5","439634-0","Ligação provisória de energia. (Container)","un",1,1781.42,1781.42]
["3.6","401750-1","Ligações provisórias de água e sanitário. (Container)","un",1,911.47,911.47]
["3.7","515086-8","Sinalização com fita fixada em cone plástico, incluindo cone.","m",400,35.33,14132]
["3.8","430047-5","Fornecimento/instalação lona plástica preta, para proteção, espessura 150 micras.","m²",350,8.1199999999999992,2842]
["4.0",null,"DEMOLIÇÕES, TRANSPORTE E REMOÇÕES",null,null,0,0]
["4.1","552266-8","Demolição de alvenaria de bloco de concreto de vedação - com revestimento. (Escada de emergência)","m³",2.21,75.95,167.84]
["4.2","552264-1","Demolição de alvenaria de bloco cerâmico e=0,09m - revestida.","m³",63.3,42.68,2701.64]
["4.3","242837-7","Retirada de divisórias existentes.","m²",469.56,22.720000000000002,10668.4]
["4.4","485902-2","Remoção de portas, de forma manual, sem reaproveitamento.","m²",56.57,10.67,603.6]
["4.5","435104-5","Retirada de esquadrias de madeira ou metálicas.","m²",26.46,21.48,568.36]
["4.6","203060-8","Demolição de piso cimentado (5cm de espessura)","m²",775.92,36.979999999999997,28693.52]
["4.7","469253-5","Demolição de piso em pedra granítica sem reaproveitamento. (E=2cm)","m²",26.84,22.75,610.61]
["4.8","476805-1","Demolição de piso em porcelanato, de forma manual, sem reaproveitamento.","m²",22.71,26.2,595]
["4.9","523737-8","Remoção de vidro temperado fixado em perfil U. ","m²",79.75,17.45,1391.63]
["4.10","435112-6","Demolição de revestimento com azulejos, de forma manual, sem reaproveitamento.","m²",20.13,28.46,572.89]
["4.11","400019-6","Retirada de dutos de exaustor com dimensões de 60cmx40cm.","m",35,15.16,530.6]
["4.12","529507-6","Remoção de tubulações (tubos e conexões) de água e esgoto, de forma manual, sem reaproveitamento.","m",330,0.54,178.2]
["4.13","482545-4","Demolição de lajes, de forma manual, sem reaproveitamento.","m³",1.85,325.94,602.98]
["4.14","572722-7","Retirada de rodapé em granito/ mármore. (Abertura de porta fachada) E=2cm e H=20cm","m",2,11.83,23.66]
["4.15","528881-9","Retirada de telha termoacústica, com até 2 águas, incluso içamento. E=20mm (Sem aproveitamento)","m²",460.13,3.31,1523.03]
["4.16","460819-4  ","Remoção de impermeabilização com manta asfáltica, inclusive proteção mecânica.","m²",56.24,56.89,3199.49]
["4.17","586088-1","Lavagem/ limpeza das fachadas em esquadrias de vidro, utilizando limpa vidros e detergente com jato de alta pressão de ar e água.","m²",5881.82,7.9700000000000006,46878.1]
["4.18","521481-5","Transporte horizontal com jerica de 60 l, de massa/ granel (unidade: m3xkm).","m³xkm",5.83,1729.5700000000002,10083.39]
["4.19","553633-2","Aluguel de Caçamba estacionária com até 6m³ com destinação final de resíduos sólidos.","un",33,566.91,18708.03]
["4.20","465159-6","Taxa de descarte de resíduos da construção civil.","ton",291.32,37.79,11008.98]
["5.0",null,"SUPERESTRUTURA",null,null,0,0]
["5.1",null,"FORMAS",null,null,0,0]
["5.1.1","440994-9","Fabricação de fôrma para vigas, em chapa de madeira compensada resinada. E=17mm. ","m²",20.7,155.02000000000001,3208.91]
["5.1.2","470666-8","Montagem e desmontagem de fôrma de viga, escoramento metálico, pé-direito simples, em chapa de madeira resinada, 2 utilizações. ","m²",20.7,191.86,3971.5]
["5.2",null,"ARMAÇÃO",null,null,0,0]
["5.2.1","203904-4","Ferro cortado, dobrado e colocado na forma, em superestrutura (CA-50).","kg",199,20.93,4165.07]
["5.2.2","435316-1","Ferro cortado, dobrado e colocado na forma, em superestrutura (CA-60).","kg",36,58.21,2095.56]
["5.2.3","430078-5","Armação em tela de aço soldada nervurada Q-61, aço CA-60, 3,4mm, malha 15x15cm","kg",14.25,16.23,231.27]
["5.3",null,"FURAÇÃO/ CHUMBAMENTO DA ARMAÇÃO",null,null,0,0]
["5.3.1","585651-5","Furo em concreto com broca de vídea, utilizando martele elétrico (diâmetro: 6.3 / profundidade: 31 cm)","un",24,64.45,1546.8]
["5.3.2","585652-3","Furo em concreto com broca de vídea, utilizando martele elétrico (diâmetro: 8.0 / profundidade: 15 cm)","un",72,32.35,2329.1999999999998]
["5.3.3","585331-1","Furo em concreto com broca de vídea, utilizando martele elétrico (diâmetro: 10.0 / profundidade: 31 cm)","un",93,64.53,6001.29]
["5.3.4","585332-0","Furo em concreto com broca de vídea, utilizando martele elétrico (diâmetro: 16.0 / profundidade: 15 cm)","un",14,33.400000000000006,467.6]
["5.3.5","519900-0","Reparo/colagem de estruturas de concreto com adesivo estrutural a base de epóxi.","cm³",4201.34,0.12000000000000001,504.16]
["5.4",null,"CONCRETAGEM",null,null,0,0]
["5.4.1","490389-7","Concretagem de vigas e lajes, FCK=40Mpa, preparo mecânico com betoneira, para qualquer tipo de laje com baldes em edificação de multipavimentos até 04 andares - lançamento, adensamento e acabamento.","m³",3,1443.92,4331.76]
["5.5",null,"LAJE TRELIÇADA",null,null,0,0]
["5.5.1","428670-7","Execução de laje tipo treliçada β 13, incluindo vigotas treliçadas h=13cm, com enchimento em EPS, h=8cm, inclusive escoramento em madeira e capeamento.","m²",6.58,203.13,1336.59]
["6.0",null,"FECHAMENTOS E VEDAÇÕES",null,null,0,0]
["6.1","536089-7","Alvenaria de vedação de blocos cerâmicos furados na horizontal de 9x19x19 cm (espessura 9 cm) e argamassa de assentamento com preparo em betoneira. ","m²",87.77,97.039999999999992,8517.2000000000007]
["6.2","454993-7","Verga pré-moldada para portas com até 1,5 m de vão. ","m",6.1,48.17,293.83]
["6.3","505587-3","Parede com placas de gesso acartonado (drywall), para uso interno, com duas faces simples e estrutura metálica com guias duplas, com vãos.","m²",806.75,176.08,142052.54]
["6.4","554032-1","Instalação de isolamento com lã de rocha em paredes drywall. (Densidade = 32 kg/m³, espessura =50mm).","m²",806.75,85.48,68960.990000000005]
["6.5","452272-9","Corte ao longo das fissuras.","m²",5.32,50.629999999999995,269.35000000000002]
["6.6","535615-6","Entelamento preventivo de superfície sujeita a trinca, largura da tela adesiva 25 cm.","m",14,3.79,53.06]
["7.0",null,"REVESTIMENTOS",null,null,0,0]
["7.1","433325-0","Chapisco aplicado em alvenaria (com presença de vãos) e estruturas de concreto de fachada, com colher de pedreiro.  argamassa traço 1:3 com preparo em betoneira 400l. ","m²",182.11,9.31,1695.44]
["7.2","432316-5","Emboço ou massa única em argamassa traço 1:2:8, preparo mecânico com betoneira 400 l, aplicada manualmente em panos de fachada com presença de vãos, espessura de 25 mm. ","m²",182.11,67.210000000000008,12239.61]
["7.3","241879-7  ","Assentamento de azulejo branco 15x15cm, ref. Branco Piscina, linha Piscina, classe A, Eliane ou equivalente, EM PAREDES INTERNAS, com argamassa pré-fabricada AC II, Quartzolit ou equivalente, inclusive rejunte Quartzolit ou equivalente, sobre emboço pronto (Depósito e copa) (estoque de azulejo na obra).","m²",253.89,35.69,9061.33]
["7.4","476971-6 ","Assentamento de azulejo azul 15x15cm, ref. Azul Naval, linha Piscina, classe A, Eliane ou equivalente, EM PAREDES EXTERNAS, com argamassa pré-fabricada AC III, Quartzolit ou equivalente, inclusive rejunte Quartzolit ou equivalente, sobre emboço pronto (Lixeira e escada) (estoque de azulejo na obra).","m²",20.13,42.43,854.11]
["7.5","438777-5","Assentamento de pastilha em porcelana esmaltada 5x5cm, na cor branca - ref.: Branco da Atlas ou equivalente em paredes internas, com argamassa colante AC III, Quartzolit ou equivalente, rejuntada com argamassa de rejuntamento flexível Quartzolit ou equivalente.  (Estoque de pastilha na obra).","m²",5.58,118.72,662.45]
["7.6","470473-8","Fornecimento e instalação de perfil U em alumínio anodizado natural, 1x1cm, assentado com argamassa traço 1:4. (Copa e wc´s)","m",18.78,46.6,875.14]
["7.7","585333-8","Fornecimento e instalação de perfil em alumínio, cantoneira 19,05mm pintado em tinta automotiva (PU), cor semelhante ao revestimento existente, assentado em silicone. ","m",81.36,58.08,4725.38]
["7.8","470470-3 ","Fornecimento e instalação de revestimento Nexacustic 16, da Owa do Brasil, painel de mdf, superfície frisada de 2,45x1,60x0,16m, com encaixe macho e fêmea, instalados com perfis e clips metálicos.","m²",193.32,1293.6300000000001,250084.55]
["7.9","585516-0","Fornecimento e assentamento de granito Branco São Paulo, placas com 2 cm espessura, tamanhos grandes variados (1,35x1,90m), (0,73x1,90m), (0,70x1,50m),  colado com argamassa AC-III Quartzolit ou equivalente, nas paredes.","m²",119.46,1002.42,119749.09]
["7.10","456413-8","Assentamento de mix de pastilhas de porcelana esmaltadas 5x5cm Atlas ou equivalente, nas cores Zircão (60%) sr 8303, Pirita (30%) sr 8302, Cáucaso (10%) sg 11144 com argamassa colante AC III Quartzolit ou equivalente e rejuntadas com argamassa de rejuntamento flexível Quartzolit ou equivalente. (Estoque de pastilha na obra).","m²",40.880000000000003,100.77000000000001,4119.47]
["7.11","473214-6","Painel artístico executado com azulejos 15x15cm, com as cores (Azul Naval 53% ; Azul Laguna 38%; Branco 8%; Amarelo 1%) da Eliane ou equivalente, assentados com argamassa colante AC III Quartzolit ou equivalente e rejuntados com argamassa de rejuntamento flexível Quartzolit ou equivalente. (Estoque dos azulejos: Azul Naval, Azul Laguna e Branco existentes na obra)","m²",5.29,91.26,482.76]
["7.12","473434-3","Fornecimento e instalação de revestimento em chapas de alumínio composto (ACM), e=4mm, AC Branco porcelana PRO 102 fosco, inclusive estrutura de fixação.","m²",134.77000000000001,1142.04,153912.73000000001]
["7.13","476994-5","Fornecimento com assentamento de pastilha de porcelana esmaltada 2,5x2,5cm na cor Azul - ref.: SG-8443 Una da Atlas ou equivalente, assentadas com argamassa colante AC-III Quartzolit ou equivalente, rejuntadas com argamassa de rejuntamento flexível Quartzolit ou equivalente.","m²",19.059999999999999,329.82,6286.36]
["7.14","585517-9","Fornecimento e assentamento de porcelanato, 80,0 x 80,0cm, acabamento acetinado, na cor Grafite, ref.: Cement block smoke, Portobello ou equivalente,  assentado com argamassa colante AC-III Quartzolit ou equivalente e rejuntado com argamassa de rejuntamento flexível Quartzolit ou equivalente.","m²",14,272.56,3815.84]
["7.15","490991-7","Retirada de rejunte de revestimento cerâmico/granito.","m²",471,18.98,8939.58]
["7.16","584868-7","Rejuntamento de revestimento cerâmico/granito, com argamassa pré-fabricada, para juntas até 6mm.","m²",471,14.14,6659.94]
["8.0",null,"IMPERMEABILIZAÇÕES",null,null,0,0]
["8.1","295038-3","Regularização piso com argamassa cimento e areia traço 1:4, e=3cm, para revestimento de piso. (Coberta - Casa de máquina)","m²",719.69,53.269999999999996,38337.879999999997]
["8.2","489584-3","Impermeabilização de superfície com manta asfáltica, uma camada, inclusive aplicação de primer asfáltico, e=3mm. (Coberta - Casa máquina)","m²",241.55,145.33000000000001,35104.46]
["8.3","548416-2","Fornecimento e instalação de tela aço soldada nervurada CA-60, malha 15x15cm, ferro 3.4mm, painel 2x3m, (1,00kg/m²), Malha Pop Média Gerdau ou similar. (Piso casa de máquina-coberta)","m²",540.96,29.32,15860.94]
["8.4","518167-4","Proteção mecânica de superfície horizontal com argamassa de cimento e areia, traço 1:3, E=3cm. (Coberta - Casa máquina)","m²",775.92,60.910000000000004,47261.279999999999]
["9.0",null,"PISO",null,null,0,0]
["9.1","553536-0","Contrapiso em argamassa traço 1:4 (cimento e areia), preparo mecânico com betoneira 400 l, aplicado em áreas secas sobre laje, aderido, acabamento não reforçado, espessura 4cm.","m²",36,57.160000000000004,2057.7600000000002]
["9.2","471216-1","Fornecimento e assentamento de piso em granito Branco São Paulo, polido, 60x60x2cm com aplicação de hidrorepelente.","m²",415,1151.23,477760.45]
["9.3","471217-0","Fornecimento e assentamento de piso em granito Branco São Paulo Flamejado, 60x60x2cm com aplicação de hidrorepelente.","m²",33,937.81000000000006,30947.73]
["9.4","470478-9","Fornecimento e assentamento de piso tátil de alerta em inox escovado. Ref.: TAIC 3020, Mozaik, L=25cm.","m",337.95,186.18,62919.53]
["10.0",null,"FORRO",null,null,0,0]
["10.1","474409-8","Forro em drywall, para ambientes comerciais, inclusive estrutura de fixação.","m²",1799,86.18,155037.82]
["11.0",null,"JUNTAS DE DILATAÇÃO",null,null,0,0]
["11.1","427763-5","Fornecimento e aplicação de junta de mastique, inclusive preenchimento da junta com tarucel 25mm.","m",171,89.75,15347.25]
["11.2","527165-7","Fornecimento e aplicação de junta de dilatação para impermeabilização, com selante elástico monocomponente a base de poliuretano, dimensões de 2x1cm.","m",179,24.880000000000003,4453.5200000000004]
["12.0",null,"ESCADAS METÁLICAS",null,null,0,0]
["12.1","585518-7","Fabricação e montagem de estrutura metálica para escadas, inclusive dobra, soldas, etc., e pintura com 01 demão de fundo preparador primer a base de epóxi rico em zinco (e = 75 micras), 01 demão de tinta protetora esmalte epoxídico (e = 125 micras) e 01 demão de esmalte poliuretano (e = 75 micras) (Escada emergência auditório e escada coberta).","kg",4677.88,28.1,131448.42000000001]
["13.0",null,"PINTURA TETOS E PAREDES",null,null,0,0]
["13.1","457784-1","Aplicação de fundo selador acrílico em teto, uma demão. ","m²",1915.76,3.9,7471.46]
["13.2","441105-6","Aplicação e lixamento de massa látex em teto, duas demãos.","m²",1794.63,32.870000000000005,58989.48]
["13.3","441883-2","Aplicação manual de pintura com tinta látex acrílica em teto, duas demãos. ","m²",1844.61,20.75,38275.65]
["13.4","432003-4","Aplicação de fundo selador acrílico em paredes, uma demão. ","m²",1977.59,3.38,6684.25]
["13.5","441101-3","Aplicação e lixamento de massa látex em paredes, duas demãos. ","m²",1730.47,17.61,30473.57]
["13.6","432006-9","Aplicação manual de pintura com tinta látex acrílica em paredes, duas demãos. ","m²",1730.47,18.36,31771.42]
["13.7","585552-7","Emassamento de superfície, com aplicação de 02 demãos de massa a óleo, lixamento e retoques.","m²",35.700000000000003,64.67,2308.71]
["13.8","585555-1","Textura acrílica branca, aplicação manual em teto, duas demãos. (Teto das Escadas) ","m²",121.13,39.18,4745.87]
["13.9","283124-4","Textura acrílica branca, aplicação manual em parede, duas demãos. (Parede das Escadas) ","m²",362.23,33.11,11993.43]
["13.10","429865-9","Pintura tinta de acabamento esmalte sintético acetinado, cor Branco Neve, 2 demãos. (Grade e alizar)","m²",35.700000000000003,19.5,696.15]
["13.11","585559-4","Pintura tinta de acabamento a óleo, 2 demãos. (Tubulação de PVC)","m²",201.41,19.880000000000003,4004.03]
["13.12","206942-3","Pintura com esmalte sintético em esquadria de ferro, duas demãos, com raspagem e aparelhamento com zarcão. (Corrimãos)","m²",24.7,61.379999999999995,1516.08]
["14.0",null,"ESQUADRIAS",null,null,0,0]
["14.1","413190-8","Fornecimento e instalação de divisórias (1,60 x 2,10m) e portas (0,60 x 1,95m) em laminado estrutural painel ts 10mm a prova d'água revestido nas duas faces com laminado melamínico texturizado na cor cinza platina. Estrutura em perfis de alumínio anodizado natural fosco, inclusive fechadura tipo lingueta com indicação livre/ocupado em nylon, ref.: Neocom ou equivalente. ","m²",28.08,1554.2600000000002,43643.62]
["14.2","585563-2","Fornecimento e instalação de divisória acústica em vidro laminado duplo, altura aproximada de 2,80m, com persiana interna e bandeira de 0,75m aproximadamente, em vidro laminado duplo, sem persiana, estrutura em alumínio natural anodizado fosco, espessura a partir de 0,90 cm.","m²",71.319999999999993,3601.85,256883.94]
["14.3","585567-5","Fornecimento e instalação de porta para divisória acústica em vidro laminado duplo, altura aproximada de 2,80m, com persiana interna e bandeira de 0,75m aproximadamente, em vidro laminado duplo, sem persiana, estrutura em alumínio natural anodizado fosco, espessura a partir de 0,90 cm.","un",1,6965.91,6965.91]
["14.4","585571-3","Fornecimento e instalação de divisória com bandeira, acústica com lã de rocha interna, em MDF madeirado, estrutura em alumínio natural anodizado fosco, espessura a partir de 0,60 cm.","m²",30.44,1415.21,43078.99]
["14.5","586599-9","Fornecimento e instalação de porta para divisória com bandeira, acústica com lã de rocha interna, em MDF madeirado, estrutura em alumínio natural anodizado fosco, espessura a partir de 0,60 cm.","un",1,3883.48,3883.48]
["14.6","586600-6","Fornecimento e instalação de porta de giro em vidro temperado, 90x110cm, espessura 8mm, inclusive acessórios.","un",1,605.01,605.01]
["14.7","475740-8","Fornecimento e instalação de esquadria em alumínio anodizado bronze, tipo veneziana, fixa e giro. ","m²",5.25,418.34,2196.2800000000002]
["14.8","586970-6","Fornecimento e instalação de esquadria de correr em vidro temperado laminado incolor 10mm, ferragens em aço inox, inclusive trilhos e travas. Seguir normas de vidros para fachada (NBR 7199/2016) (Janelas fachada oeste)","m²",92.4,369.70000000000005,34160.28]
["14.9","585605-1","Fornecimento e instalação de porta acústica com propriedade corta fogo (PCF-240), P90, equipada com barras anti-pânico, dimensões 2,40x2,10m (duas folhas de 1,20x2,10m cada), de abrir.","m²",5.04,7041.31,35488.199999999997]
["14.10","586971-4","Fornecimento e assentamento de porta de giro PM-140 (1,40x2,10m), com 2 folhas, em madeira, revestida com laminado melamínico texturizado branco e grade em madeira com pintura em esmalte sintético acetinado na cor branco neve, inclusive dobradiças.","un",2,2253.92,4507.84]
["14.11","586974-9","Fornecimento e assentamento de porta de giro PM-90 (0,90x2,10m), em madeira, revestida com laminado melamínico texturizado branco e grade em madeira com alisar e pintura em esmalte sintético acetinado na cor branco neve, inclusive dobradiças.","un",31,1796.29,55684.99]
["14.12","586976-5","Assentamento de porta acústica em madeira 0,80 x 2,10, exclusive fechadura (Estoque da porta na obra).","un",1,221.34,221.34]
["14.13","586979-0","Fornecimento e instalação de porta de giro (3,0x2,0m) com duas folhas, em vidro temperado incolor 10mm, com bandeira em estrutura de aço inox escovado, com faixa de sinalização visual, conforme NBR 9050 e puxadores de aço inox de 0,90m, conforme detalhe. EV01","un",3,7806.1399999999994,23418.42]
["14.14","587031-3","Fornecimento e instalação de portão de giro medindo (2,50x2,81m), com tubo em alumínio anodizado preto e tela em alumínio tipo Búzios da Gradinese - Udinese ou equivalente. ","un",1,12170.54,12170.54]
["14.15","554046-1","Kit de porta-pronta de madeira em acabamento melamínico branco, folha leve ou média, 80x210cm, exclusive fechadura, fixação com preenchimento parcial de espuma expansiva - fornecimento e instalação","un",1,719.12,719.12]
["14.16","455972-0","Porta corta-fogo 90x210x4cm - fornecimento e instalação. ","un",1,2090.87,2090.87]
["14.17","430284-2","Fornecimento  e assentamento de porta em alumínio anodizado bronze, tipo veneziana, de giro, inclusive fechadura.","m²",2.88,418.34,1204.81]
["14.18","586242-6","Revisão das esquadrias de vidro nas fachadas leste e sul do 5º piso, com regulagem, lubrificação, substituição das roldanas e escovas de vedação e de parte dos ferrolhos das folhas móveis, e limpeza técnica das folhas móveis e fixas.","m²",180.8,100.21000000000001,18117.96]
["14.19","432092-1","Fechadura de embutir com cilindro, externa, completa, acabamento padrão médio, incluso execução de furo - fornecimento e instalação.","un",31,220.57,6837.67]
["14.20","554055-0","Fechadura de embutir para porta de banheiro, completa, acabamento padrão médio, incluso execução de furo - fornecimento e instalação.","un",4,193.88000000000002,775.52]
["14.21","585830-5","Fornecimento e instalação de perfil U em alumínio anodizado natural, esp. 3mm, com dimensões 5x5cm, (instalação dos perfis nos pilares externos, retirando a primeira placa de ACM).","m",111.1,250.39,27818.32]
["14.22","585631-0","Fornecimento e instalação de perfil em aço inox 304 escovado, largura = 10cm e espessura =1,5mm, aparafusado em um dos lados com bucha de nylon e parafuso em aço inox (acabamento da junta de dilatação do piso).","m",99.87,178.31,17807.810000000001]
["14.23","585632-9","Fornecimento e aplicação de resina transparente de bloqueio solar, Nanolux ou equivalente, nos vidros da fachada (Fachada leste).","m²",1300,331.12,430456]
["15.0",null,"CORRIMÃO E GUARDA-CORPO",null,null,0,0]
["15.1","476026-3","Fornecimento e instalação de guarda corpo em ferro galvanizado, fixado no piso, com montantes em tubo ø=1 1/2\", corrimão em 3 alturas em tubo ø=1 1/2\", h=70, 90, 110cm e com 3 tubos intermediários de ferro galvanizado ø=1/2\", h =16, 33, 50cm, conforme projeto.","m",70.680000000000007,225.34,15927.03]
["15.2","486991-5","Fornecimento e instalação de guarda corpo em aço inox, fixado no piso com montantes em tubo ø=1 1/2\",  corrimão em 3 alturas em tubo ø=1 1/2\", h=70cm, 92cm e 110cm, com 3 tubos intermediários de aço inox ø=1/2\", h =16, 33, 50cm, conforme projeto.","m",65.099999999999994,1530.6299999999999,99644.01]
["15.3","474068-8","Fornecimento e instalação de corrimão metálico tubular em ferro, diâmetro ø= 2\", h=0,85cm.","m",168.18,238.66,40137.83]
["15.4","479733-7 ","Fornecimento e instalação de corrimão 2 alturas em aço inox escovado, fixado na parede/estrutura ø=1 1/2\", h=92cm e 70cm.","m",51.7,373.40999999999997,19305.29]
["15.5","585637-0","Fornecimento e instalação de guarda corpo composto por montantes de aço inox escovado perfil retangular 50x30mm e perfil \"t\" fixado em alvenaria/ estrutura, com caixilho em inox e vidro laminado temperado incolor 12mm, com altura de 2,15m.","m",44.46,4652.53,206851.48]
["15.6","585638-8","Fornecimento e instalação de guarda corpo composto por montantes de aço inox escovado perfil retangular 50x30mm e perfil \"t\" fixado em alvenaria/ estrutura, com caixilho em inox e vidro laminado temperado incolor 12mm, com 1,10m de altura.","m",7.9,4169.59,32939.760000000002]
["15.7","585639-6","Fornecimento e instalação de vidro laminado temperado incolor 12mm (6+6), com 1,10m de altura, instalado em guarda corpo existente.","m²",78.540000000000006,1300.32,102127.13]
["15.8","585640-0","Fornecimento e instalação de vidro temperado incolor 10mm, com 0,60m de altura, instalado em guarda corpo existente.","m²",15.12,500.2,7563.02]
["15.9","585641-8","Fornecimento e Instalação de  vidro temperado fumê 10mm, medindo 1,10x1,10m, em estrutura existente no SALÃO PRINCIPAL.","m²",1.21,664.09999999999991,803.56]
["15.10","585642-6","Revitalização dos corrimãos de aço inox (por metro linear do módulo, incluindo todas as barras verticais e horizontais no metro linear).","m",190.32,98.22999999999999,18695.13]
["16.0",null,"GRANITOS",null,null,0,0]
["16.1","585643-4","Fornecimento de rodapé em granito polido Branco São Paulo, altura 30cm, espessura 2 cm, acabamento reto, inclusive assentamento com argamassa colante tipo AC-III.","m",512.30999999999995,346.69,177612.75]
["16.2","585644-2","Fornecimento de soleira em granito polido Branco São Paulo, com 15cm de largura e 2cm de espessura, assentada com argamassa colante tipo AC-III.","m",2.72,162.02000000000001,440.69]
["16.3","585645-0","Fornecimento de chapim de granito Branco São Paulo com borda dupla, assentado com argamassa de cimento e areia traço 1:6 (largura 90 cm).","m",43.8,960.94,42089.17]
["16.4","585646-9","Fornecimento de chapim de granito Branco São Paulo com borda dupla, assentado com argamassa de cimento e areia traço 1:6 (largura 55 cm).","m",14.65,609.43999999999994,8928.2900000000009]
["16.5","585647-7","Fornecimento de chapim de granito Branco São Paulo com borda dupla, assentado com argamassa de cimento e areia traço 1:6 (largura 50 cm).","m",7.2,559.26,4026.67]
["16.6","585648-5","Fornecimento e instalação de bancada em granito Cinza Corumbá polido (0,50x2,58)m, com espelho h=20cm e testeira h=20cm, acabamento reto com aplicação de hidro-repelente, engastada na parede e apoiada em mão francesa - conforme projeto.","un",1,2688.98,2688.98]
["16.7","585649-3","Fornecimento de moldura em L para porta do elevador em granito Branco São Paulo polido, largura 25cm, com friso 1 x 1cm, assentada com argamassa colante tipo AC-III.","m",32,258.52,8272.64]
["16.8","585650-7","Fornecimento de soleira em granito polido Branco São Paulo, com 36cm de largura e 2cm de espessura, assentada com argamassa colante tipo AC-III.","m",2.5,387.57,968.92]
["16.9","586985-4","Fornecimento de espelho para escada em granito Branco São Paulo, flameado, assentado com argamassa colante AC-III, com aplicação de hidrorepelente, h=18cm.","m",44.8,153.02000000000001,6855.29]
["16.10","585689-2","Fornecimento de montante em Nanoglass Branco, polido nos dois lados, para bancada, com largura de 91 cm e altura de 110 cm, assentado com argamassa colante tipo AC-III.","m²",1,2422.1800000000003,2422.1799999999998]
["17.0",null,"COBERTA",null,null,0,0]
["17.1","469750-2","Cobertura com telha tipo sanduiche termo roof pur dânica ou equivalente com revestimento aço/filme(20), face superior/inferior 0.50/0.008 ral 9003 e isolamento em poliuretano pur e=20mm. fornecimento e instalação. Incluso içamento.","m²",460.13,179.60000000000002,82639.34]
["17.2","528871-1","Rufo em chapa de alumínio, espessura = 0,70mm com desenvolvimento de 80cm.","m",36.4,53.71,1955.04]
["17.3","459075-9","Substituição de parafusos e arruelas de borracha para vedação (fixação das telhas tipo sanduiche).","m²",1607.06,10.94,17581.23]
["18.0",null,"INSTALAÇÕES HIDROSSANITÁRIAS",null,null,0,0]
["18.1","430686-4","Fornecimento e assentamento de bacia sanitária linha Reviera, Celite ou equivalente, com caixa de descarga acoplada, sistema Ecoflush 3/6, louça na cor branca, inclusive engate flexível e assento sanitário slow close.","un",4,1142.3699999999999,4569.4799999999996]
["18.2","430685-6","Fornecimento e instalação de bacia sanitária convencional sem abertura frontal, linha Acesso Confort  REF: 31310 Celite ou equivalente ","un",2,837.34,1674.68]
["18.3","585701-5","Fornecimento e instalação de assento para vaso sanitário em poliéster, Deca AP23 linha Carrara/ Nuova/ Duna ou equivalente.","un",6,522.76,3136.56]
["18.4","430699-6","Fornecimento e instalação de lavatório de parede com coluna suspensa em louça branca, dim. 44,5x35,5cm, referência: l510 + c510, linha Conforto da Deca ou equivalente - banheiros para PCD, inclusos válvula, sifão e engate flexível cromados/ inox.","un",2,1038.72,2077.44]
["18.5","473882-9","Fornecimento e instalação de torneira de mesa para lavatório com acabamento cromado fechamento automático, Biopress, ref. 1180-BIO, da Fabrimar ou equivalente","un",5,531.37,2656.85]
["18.6","585710-4","Fornecimento e colocação de cuba de aço inoxidável n°2 provida com válvula americana e sifão cromado, dimensão 47x30x17cm, Tramontina ou equivalente.","un",1,529.68999999999994,529.69000000000005]
["18.7","295050-2","Fornecimento e instalação de torneira cromada de mesa bica móvel para cozinha, ref. 1167, linha Targa, Fabrimar ou equivalente. ","un",1,161.88,161.88]
["18.8","436203-9","Fornecimento e instalação de válvula de descarga 1.1/4\" com registro e acabamento em metal cromado e conjunto de ligação para vaso sanitário (tubo de descarga).","un",1,439.02,439.02]
["18.9","515509-6","Fornecimento e assentamento de barra de apoio lateral, em aço inox polido, Wc PCD, diâmetro mínimo 3cm, L= 0,80m de comprimento, fixada na parede com parafusos, conforme NBR 9050. C PCD)","un",12,287.37,3448.44]
["18.10","585719-8","Fornecimento e assentamento de barra vertical de apoio, em aço inox polido, Wc PCD, diâmetro mínimo 3cm, L= 0,40m de comprimento, fixada na parede com parafusos, conforme NBR 9050. ","un",20,161.96,3239.2]
["18.11","587464-5","Fornecimento e instalação de sifão cromado, válvula de escoamento em metal cromado e engate flexível em inox para cuba ou tanque.","un",3,490.67,1472.01]
["18.12","371525-6","Fornecimento e assentamento de porta papel toalha de inox, sobrepor GLOBO ou equivalente, inclusive fixação.","un",4,134.01,536.04]
["18.13","177679-7","Fornecimento e instalação de dispenser de papel higiênico rolo 300m, de sobrepor, em inox, marca Globo ou equivalente.","un",10,209.92,2099.1999999999998]
["18.14","585722-8","Fornecimento e assentamento de saboneteira inox de parede tipo dispenser para sabonete líquido com reservatório 500ml.","un",2,260.85000000000002,521.70000000000005]
["19.0",null,"PAISAGISMO",null,null,0,0]
["19.1","343381-1","Fornecimento e plantio de grama esmeralda em placas com preparação de solo.","m²",892.08,32.9,29349.43]
["19.2","478014 - 0","Fornecimento e plantio de mudas de Pau Ferro com altura 2,50m.","un",19,310.31,5895.89]
["19.3","478016 -7","Fornecimento e plantio de mudas de Pau Pombo com altura 2,50m.","un",15,188.2,2823]
["19.4","478017-5","Fornecimento e plantio de mudas de Pau de Jangada com altura 2,50m.","un",18,310.31,5585.58]
["19.5","478018-3","Fornecimento e plantio de mudas de Craibeira com altura 2,50m.","un",27,280.92,7584.84]
["19.6","493530-6","Fornecimento e plantio de mudas de Dianelas com altura 0,30m.","un",416,11.97,4979.5200000000004]
["19.7","493531-4","Fornecimento e plantio de mudas de Capim do Texas com altura 0,40m.","un",448,23.56,10554.88]
["19.8","472669-3","Fornecimento e plantio de mudas de Moréia com altura 0,40m.","un",355,21.24,7540.2]
["19.9","493542-0","Fornecimento e plantio de mudas de Zebrina com altura 0,40m.","un",330.95,3.61,1194.72]
["19.10","493543-8","Fornecimento e plantio de mudas de Jibóia com altura 0,40m.","un",108.3,16.29,1764.2]
["19.11","493533-0","Fornecimento e plantio de mudas de Cica Sagu com altura 0,80m.","un",8,389.77,3118.16]
["19.12","493534-9","Fornecimento e plantio de mudas de Ipê Roxo com altura 2,20m.","un",15,169.06,2535.9]
["19.13","493535-7","Fornecimento e plantio de mudas de Palmeira Ptichospema com altura 3,00m.","un",12,529.89,6358.68]
["19.14","493536-5","Fornecimento e plantio de mudas de Palmeira Rabo de Raposa com altura 3,00m.","un",7,626.26,4383.82]
["19.15","493537-3","Fornecimento e plantio de mudas de Palmeira Fênix com altura 0,80m.","un",16,272.12,4353.92]
["19.16","493538-1","Fornecimento e plantio de mudas de Filodendro com altura 0,50m.","un",61,90.67,5530.87]
["19.17","547629-1","Fornecimento e plantio de mudas de Cica com altura 1,00m.","un",8,185.64,1485.12]
["19.18","493540-3","Fornecimento e plantio de mudas de Craibeira com altura 2,20m.","un",5,281.63,1408.15]
["19.19","493541-1","Fornecimento e plantio de mudas de Oiti da prata com altura 2,20m.","un",8,151.56,1212.48]
["20.0",null,"IRRIGAÇÃO",null,null,0,0]
["20.1",null,"ASPERSORES",null,null,0,0]
["20.1.1","587034-8","Fornecimento e instalação de aspersor escamoteável tipo spray 4\", ref. 1804 SAM, marca Rain Bird ou similar, bocal, conector SBE-050 d=1/2\" e conector SBE-075 d=3/4\".","un",280,127.22999999999999,35624.400000000001]
["20.1.2","587035-6","Fornecimento e instalação de aspersor escamoteável tipo spray 4\", ref. 1804 SAM, marca Rain Bird ou similar, com extensão de 6\",  bocal, conector SBE-050 d=1/2\" e conector SBE-075 d=3/4\".","un",100,155.11000000000001,15511]
["20.1.3","544636-8","Fornecimento e assentamento de tubo polietileno flexível Swing Pipe dn=12,5mm p/irrigação","m",180,23.83,4289.3999999999996]
["20.1.4","587036-4","Fornecimento e instalação de válvula p/irrigação 150PGA 1 1/2\", marca Rain Bird ou similar, acondicionada em caixa para válvula solenóide de 10\" mod pvb com tampa verde.","un",10,805.3,8053]
["20.1.5","587052-6","Fornecimento e instalação de conector blindado Mod. 3M 316 IR - para fio de 1,5mm².","un",20,21.57,431.4]
["20.1.6","587155-7","Fornecimento e instalação de controlador para irrigação modular ESP-4ME3, 230V para wifi e sensor de fluxo, Rain Bird ou similar","un",1,1270.0600000000002,1270.06]
["20.1.7","530785-6","Fornecimento e instalação de sensor de chuva p/sist. de irrigação, modelo RSD-Bex, marca Rain Bird ou similar","un",1,249.52,249.52]
["20.1.8","588424-1","Demarcação de lotes com bandeira para marcação de obra verde, Rain Bird ou similar","un",100,6.29,629]
["20.2",null,"PVC E CONEXÕES",null,null,0,0]
["20.2.1","544637-6","Fornecimento e assentamento de tubo pvc para irrigação d=25mm, PN-60, linha Irriga-LF, Tigre ou similar","m",900,11.95,10755]
["20.2.2","493570-5","Fornecimento e assentamento de tubo pvc para irrigação d=32mm, PN-60, linha Irriga-LF, Tigre ou similar","m",72,22.91,1649.52]
["20.2.3","493571-3","Fornecimento e assentamento de tubo pvc para irrigação d=50mm, PN-60, linha Irriga-LF, Tigre ou similar","m",588,22.03,12953.64]
["20.3",null,"MOTO-BOMBA E ACESSÓRIOS",null,null,0,0]
["20.3.1","547273-3","Conjunto moto-bomba centrifuga, trifásica, motor 4 CV, Schneider mod.BC-21R ou equivalente - Fornecimento e instalação.","un",1,8191.13,8191.13]
["20.3.2","585729-5","Contator 24V para controlador Rain Bird ou equivalente – Fornecimento e instalação.","un",1,295.69,295.69]
["20.3.3","438092-4","Chave de boia automática superior/inferior 15A/250V - fornecimento e instalação.","un",1,106.86,106.86]
["20.4",null,"ELETRODUTOS E ACESSÓRIOS",null,null,0,0]
["20.4.1","585843-7","Curva 90° PVC rígido para eletroduto de encaixe Ø 32 mm 1\" - Fornecimento e instalação.","un",2,13.08,26.16]
["20.4.2","585730-9","Eletroduto de PVC flexível corrugado de 1 1/4\",  e acessórios de fixação, assentado em valas com profundidade de 0,60m, inclusive escavação e reaterro - Fornecimento e instalação.","m",250,80.679999999999993,20170]
["20.4.3","585731-7","Eletroduto de PVC rígido soldável  de 1\", acessórios de fixação (abraçadeira) - Fornecimento e instalação.               ","m",9,17.54,157.86000000000001]
["20.5",null,"CABOS E ACESSÓRIOS",null,null,0,0]
["20.5.1","578833-1","Cabo de cobre flexível, isolado classe 4 ou 5, seção nominal de 1,5mm², anti-chama, 450/750V - 70ºC, inclusive  instalação em eletroduto/eletrocalha.","m",1050,3.51,3685.5]
["20.5.2","585732-5","Cabo de cobre flexível, blindado com fita de cobre, 2 x 1,5 mm2, tensão 1kV.","m",8,15.23,121.84]
["20.5.3","585733-3","Cabo de cobre flexível, blindado com fita de cobre, 3 x 4,0 mm2, tensão 1kV.","m",8,22.25,178]
["20.6",null,"CONDULETES E ACESSÓRIOS",null,null,0,0]
["20.6.1","585734-1","Adaptador condulete TOP 1\" - Fornecimento e acessórios","un",6,7.16,42.96]
["20.6.2","585735-0","Condulete em PVC com tampa, 6 entradas, para eletroduto roscável de 1\", aparente, inclusive acessórios de fixação - Fornecimento e instalação.","un",3,58.84,176.52]
["20.7",null,"ABERTURA DE VALAS",null,null,0,0]
["20.7.1","508841-0","Escavação manual de vala com profundidade menor ou igual a 1,30 M. ","m³",22.31,100.16,2234.56]
["20.7.2","435286-6","Reaterro manual apiloado com soquete. ","m³",22.31,60.72,1354.66]
["20.7.3","585736-8","Recomposição de pavimento em piso intertravado, com reaproveitamento dos blocos intertravados, para fechamento de valas - incluso retirada e colocação do material.","m²",2,67.2,134.4]
["20.7.4","435107-0 ","Demolição de revestimento de piso em cimentado inclusive lastro de concreto.","m²",0.85,36.979999999999997,31.43]
["20.7.5","460897-6","Lastro de concreto magro, aplicado em pisos, lajes sobre solo ou radiers, espessura de 5 cm.","m²",0.85,37.230000000000004,31.64]
["20.7.6","435580-6","Piso cimentado com argamassa de cimento e Areia no traço 1:3, com 2,0cm de espessura, e com acabamento liso.","m²",0.85,72.430000000000007,61.56]
["20.8",null,"RESERVATÓRIO ENTERRADO",null,null,0,0]
["20.8.1","411678-0","Escavação mecânica valas em qualquer tipo de solo exceto rocha, prof. 0<h<4m.","m³",66.38,10.57,701.63]
["20.8.2","440366-5","Concreto magro para lastro, traço 1:4,5:4,5 (em massa seca de cimento/ areia média/ brita 1)  - preparo mecânico com betoneira 400 L. ","m³",1.5,479.61,719.41]
["20.8.3","585737-6","Fabricação, montagem e desmontagem de fôrma para estruturas (paredes de reservatório, fossa séptica) em chapa de madeira compensada resinada, e = 17 mm., 2 utilizações. ","m²",96.93,166.69,16157.26]
["20.8.4","505406-0","Armação de estruturas diversas de concreto armado, exceto vigas, pilares, lajes e fundações, utilizando aço ca-50 de 6,3 mm - montagem. ","kg",96,22.48,2158.08]
["20.8.5","505408-7","Armação de estruturas diversas de concreto armado, exceto vigas, pilares, lajes e fundações, utilizando aço ca-50 de 8,0 mm - montagem. ","kg",892,21.09,18812.28]
["20.8.6","432923-6","Armação de estruturas diversas de concreto armado, exceto vigas, pilares, lajes e fundações, utilizando aço ca-50 de 12,5 mm - montagem. ","kg",102,15.719999999999999,1603.44]
["20.8.7","565304-5","Concretagem de edificações (paredes e lajes) feitas com sistema de formas manuseáveis, com concreto usinado bombeável FCK 35Mpa - Lançamento, adensamento e acabamento.","m³",13.82,737.07,10186.299999999999]
["20.8.8","435286-6","Reaterro manual apiloado com soquete.","m³",11.01,60.72,668.52]
["20.8.9","441069-6","Transporte horizontal com jerica de 60 l, de massa/ granel (unidade: m3xkm). ","m³xKm",2.16,1729.5700000000002,3735.87]
["20.8.10","435196-7","Remoção de material de primeira categoria em caminhão basculante, D.M.T. 6 Km, inclusive carga manual e descarga mecânica.","m³",71.98,66.210000000000008,4765.79]
["20.8.11","513277-0","Impermeabilização de superfície com argamassa polimérica / membrana acrílica, 4 demãos, reforçada com véu de poliéster (mav). af_06/2018","m²",85.6,64.959999999999994,5560.57]
["20.8.12","434286-0","Pintura de piso com tinta acrílica, aplicação manual, 2 demãos, incluso fundo preparador. ","m²",29.93,22.939999999999998,686.59]
["20.8.13","295038-3","Regularização piso com argamassa traço 1:4, e=3cm, para revestimento de piso.","m²",26.6,53.269999999999996,1416.98]
["20.8.14","411552-0","Controle Tecnológico do Concreto com ensaio de compressão de corpos de prova cilíndricos (NBR 5739)/2007, com transporte para o laboratório realizado pelo cliente.","un",12,24.06,288.72000000000003]
["21.0",null,"INSTALAÇÕES DE PROTEÇÃO E COMBATE A INCÊNDIO",null,null,0,0]
["21.1",null,"DETECÇÃO E ALARME (EQUIPAMENTOS, INFRAESTRUTURA E CABOS)",null,null,0,0]
["21.1.1","513922-8","Fornecimento de detector de fumaça endereçável com base, fab. Apollo ou equivalente.        ","un",2,281.71999999999997,563.44000000000005]
["21.1.2","585739-2","Retirada de detector de fumaça/térmico endereçável com base.","un",10,28.599999999999998,286]
["21.1.3","585743-0","Reinstalação de detector de fumaça/ térmico endereçável com base.        ","un",9,28.599999999999998,257.39999999999998]
["21.1.4","585740-6","Retirada de acionador manual (botoeira) tipo quebra-vidro, p/instal. Incendio.","un",1,28.32,28.32]
["21.1.5","585741-4","Retirada de indicador visual sonoro.","un",1,39.64,39.64]
["21.1.6","549407-9","Fornecimento e instalação de eletroduto em ferro galvanizado pesado sem costura 3/4\".","m",15,47.55,713.25]
["21.1.7","584345-6","Retirada de eletroduto em ferro galvanizado pesado sem costura 3/4\"","m",15,14.149999999999999,212.25]
["21.1.8","464778-5","Fornecimento e instalação de cabo para sinal e detecção de incêndio  em par trançado, inclusive dreno shieldado, acabamento em PVC Prysmian, Lipperfil ou equivalente, CTR FLEX BL FT COBRE 2x1,5mm², 500V preto NBR 7289.","m",30,15.15,454.5]
["21.2",null,"SPRINKLER (TUBULAÇÃO, CONEXÕES E ACESSÓRIOS)",null,null,0,0]
["21.2.1","501954-0","Sprinkler tipo pendente, 68 °C, união por rosca DN 15 (1/2\") - fornecimento e instalação. Af_10/2020.","un",10,37.92,379.2]
["21.2.2","463101-3","Retirada de sprinkler tipo pendente, 68 °C, união por rosca DN 15 (1/2\").","un",50,3.83,191.5]
["21.2.3","585744-9","Reinstalação sprinkler tipo pendente, 68 °C, união por rosca DN 15 (1/2\").","un",50,3.88,194]
["21.2.4","427818-6","Tubo de aço galvanizado com costura de 1\", inclusive conexão - fornecimento e instalação.","m",80,119.38,9550.4]
["21.2.5","327891-3","Retirada de tubo de aço galvanizado com costura de 1\", inclusive conexão.","m",45,60.77,2734.65]
["21.2.6","398139-8","Tubo de aço galvanizado com costura de 1 1/2\", inclusive conexão - fornecimento e instalação.","m",20,165.7,3314]
["21.2.7","427821-6","Tubo de aço galvanizado com costura de 2\", inclusive conexão - fornecimento e instalação.","m",10,214.83,2148.3000000000002]
["21.2.8","427708-2","Tubo de aço galvanizado com costura de 2 1/2\", inclusive conexão - fornecimento e instalação.","m",20,256.34000000000003,5126.8]
["21.2.9","430046-7","Pintura esmalte brilhante (2 demãos) sobre superfície metálica, inclusive proteção com zarcão (1 demão).  (sinalização de piso dos equipamentos de combate a incêndio)","m²",18,80.02,1440.36]
["21.3",null,"HIDRANTE",null,null,0,0]
["21.3.1","497064-0","Retirada de tubo de aço galvanizado com costura de 2 1/2\", inclusive conexão.","m",30,99.4,2982]
["21.3.2","585745-7","Retirada de abrigo para hidrante para guardar dois lances de mangueira ø 1 1/2\", inclusive acessórios, sinalização de equipamento e marcação de piso.","un",1,167.79,167.79]
["21.4",null,"ILUMINAÇÃO E SINALIZAÇÃO DE EMERGÊNCIA",null,null,0,0]
["21.4.1","585746-5","Retirada de bloco autônomo modelo sobrepor, tipo de lâmpada: LED-lux luminária; potência: 7,5W; tensão: autonomia: 4 horas; bivolt 127/220V; fluxo luminoso NOM: 75led 200 LM; ângulo da dispersão da luz: 45°; vida útil do elemento gerador de luz: 100.000 horas.","un",10,28.32,283.2]
["21.4.2","585846-1","Reinstalação de bloco autônomo modelo sobrepor, tipo de lâmpada: LED-lux luminária; potência: 7,5W; tensão: autonomia: 4 horas; bivolt 127/220V; fluxo luminoso NOM: 75led 200 LM; ângulo da dispersão da luz: 45°; vida útil do elemento gerador de luz: 100.000 horas.","un",10,28.32,283.2]
["21.4.3","585848-8","Sinalização para rota de saída 32x 16 cm (saída de emergência).","un",3,87.490000000000009,262.47000000000003]
["21.4.4","585747-3","Retirada de sinalização para rota de saída 32x 16 cm (saída de emergência).","un",8,7.87,62.96]
["21.4.5","585850-0","Reinstalação de sinalização para rota de saída 32x 16 cm (saída de emergência).","un",8,9.5399999999999991,76.319999999999993]
["21.5",null,"EXTINTORES",null,null,0,0]
["21.5.1","520895-5","Extintor de incêndio portátil com carga de CO2 de 6 KG, classe BC - fornecimento e instalação. Af_10/2020_PE.","un",2,923.03000000000009,1846.06]
["21.5.2","585748-1","Retirada de extintor de incêndio portátil.","un",4,25.25,101]
["21.5.3","585851-8","Reinstalação de extintor de incêndio portátil.","un",4,27.23,108.92]
["22.0",null,"INSTALAÇÕES ELÉTRICAS",null,null,0,0]
["22.1",null,"CENTRO DE DISTRIBUIÇÃO DE ILUMINAÇÃO E TOMADAS",null,null,0,0]
["22.1.1","454413-7","Quadro de distribuição de energia de sobrepor, em chapa metálica, para 44 disjuntores termomagnéticos  padrão DIN, 380/220V, com barramento trifásico (150A), 60 hz, grau de proteção IP40, (CONFORME DIAGRAMA DO QDE4PAV) ","un",1,1630.03,1630.03]
["22.1.2","513556-7","Quadro de distribuição de energia de sobrepor, em chapa metálica, para 36 disjuntores termomagnéticos  padrão DIN, 380/220V, com barramento trifásico (100A), 60 hz, grau de proteção IP40, (CONFORME DIAGRAMA DO QDE4PAV) ","un",1,1071.49,1071.49]
["22.1.3","445272-0","Quadro de distribuição de energia de sobrepor, em chapa metálica, para 12 disjuntores termomagnéticos  padrão DIN, 380/220V, com barramento trifásico (100A), 60hz, grau de proteção IP40, (CONFORME DIAGRAMA DO QDE4PAV) ","un",1,560.91999999999996,560.91999999999996]
["22.1.4","203842-0","Disjuntor termomagnético unipolar, corrente nominal de 6A a 32A - 3KA padrão DIN, Siemens ou equivalente, incluindo acessórios. Fornecimento e instalação. ","un",68,16.11,1095.48]
["22.1.5","549265-3","Disjuntor termomagnético tripolar, corrente nominal de 150A-10kA, Siemens ou equivalente, incluindo acessórios. Fornecimento e instalação. ","un",1,665.11999999999989,665.12]
["22.1.6","494146-2","Disjuntor termomagnético tripolar, corrente nominal de 125A-10kA, Siemens ou equivalente, incluindo acessórios. Fornecimento e instalação. ","un",1,587.55999999999995,587.55999999999995]
["22.1.7","482665-5","Disjuntor termomagnético tripolar, corrente nominal de 63A - 10KA padrão DIN, Siemens ou equivalente, incluindo acessórios. Fornecimento e instalação. ","un",1,172.15,172.15]
["22.1.8","409515-4","Disjuntor termomagnético tripolar, corrente nominal de 32A-10KA, padrão DIN, Siemens ou equivalente, incluindo acessórios. Fornecimento e instalação. ","un",1,111.69,111.69]
["22.1.9","533038-6","Interruptor diferencial Residual (DR) bipolar de 25A, In 30mA, Siemens ou equivalente, inclusive acessórios. Fornecimento e instalação.","un",2,234.44,468.88]
["22.2",null,"ELETRODUTOS/ELETROCALHAS",null,null,0,0]
["22.2.1","432016-6","Eletroduto de PVC rígido rosqueável de 3/4\", com luva de rosca interna e acessórios de fixação (abraçadeira) - Fornecimento e instalação.","m",718.9,18.080000000000002,12997.71]
["22.2.2","432016-6","Eletroduto de PVC rígido rosqueável de 3/4\", com luva de rosca interna e acessórios instalado em parede- Fornecimento e instalação.","m",153.43,24.89,3818.87]
["22.2.3","116133-4","Eletroduto flexível corrugado de PVC, DN 25mm (3/4\"), instalado em parede - Fornecimento e instalação.","m",279.61,19.22,5374.1]
["22.2.4","432016-6","Eletroduto de PVC rígido rosqueável de 3/4\", com luva de rosca interna e acessórios instalado em parede/piso- Fornecimento e instalação, Inclusive escavação e reaterro.","m",77.8,64.3,5002.54]
["22.2.5","194523-8","Eletroduto de PVC flexível corrugado de 1.1/2\",  e acessório de fixação - Fornecimento e instalação.","m",3.37,19.45,65.540000000000006]
["22.2.6","203491-3","Eletroduto de PVC rígido rosqueável de 1\", com luva de rosca interna e acessórios de fixação (abraçadeira)- fornecimento e instalação.","m",180.2,28.36,5110.47]
["22.2.7","203491-3","Eletroduto de PVC rígido rosqueável de 1\", com luva de rosca interna e acessórios instalado em parede- Fornecimento e instalação.","m",86.11,33.129999999999995,2852.82]
["22.2.8","203501-4","Eletroduto de PVC rígido rosqueável de 1\", com luva de rosca interna e acessórios instalado em parede/piso- Fornecimento e instalação, Inclusive escavação e reaterro.","m",43.8,93.57,4098.3599999999997]
["22.2.9","364984-9","Eletroduto de PVC flexível corrugado de 1\",  e acessórios de fixação - Fornecimento e instalação.","m",175.82,23.21,4080.78]
["22.2.10","431797-1","Eletrocalha perfurada, galvanizada, em chapa 18, dim.: 50x50x3000mm, inclusive acessórios de derivação e fixação. Fornecimento e instalação.                        ","m",710.51,80.550000000000011,57231.58]
["22.2.11","431798-0","Eletrocalha perfurada, galvanizada, em chapa 18, dim.: 100x50x3000mm, inclusive acessórios de derivação e fixação. Fornecimento e instalação.                        ","m",60.67,110.74,6718.59]
["22.3",null,"CABOS E ACESSÓRIOS",null,null,0,0]
["22.3.1","355005-2","Cabo de cobre flexível, isolado classe 4 ou 5, seção nominal de 2,5mm², anti-chama, 450/750V - 70ºC, inclusive  instalação em eletroduto/eletrocalha.","m",12245.22,5.0599999999999996,61960.81]
["22.3.2","355004-4","Cabo de cobre flexível, isolado classe 4 ou 5, seção nominal de 4,0mm², anti-chama, 450/750V - 70ºC, com isolamento em composto termoplástico - Fornecimento e instalação.","m",5579.52,7.83,43687.64]
["22.3.3","380040-7","Cabo de cobre flexível, classe 4 ou 5, seção nominal de 70mm², 0,6/1KV - 70ºC. Anti-chama, com isolamento em composto termoplástico - Fornecimento e instalação.","m",440,94.47,41566.800000000003]
["22.3.4","432015-8","Cabo de cobre flexível, classe 4 ou 5, seção nominal de 35mm², 0,6/1kV. Anti-chama, com isolamento em composto termoplástico - Fornecimento e instalação","m",165,46.89,7736.85]
["22.3.5","429544-7","Cabo de cobre flexível, classe 4 ou 5, seção nominal de 16mm², 0,6/1kV. Anti-chama, com isolamento em composto termoplástico - Fornecimento e instalação","m",55,29.509999999999998,1623.05]
["22.3.6","429219-7","Cabo de cobre flexível, classe 4 ou 5, seção nominal de 6,0mm², 0,6/1kV. Anti-chama, com isolamento em composto termoplástico - Fornecimento e instalação","m",500,11.79,5895]
["22.4",null,"CAIXAS/CONDULETES",null,null,0,0]
["22.4.1","466124-9","Caixa retangular 4x2\", em PVC, de embutir para instalação em gesso/drywall - Fornecimento e instalação.","un",115,20.43,2349.4499999999998]
["22.4.2","470050-3","Caixa octogonal em PVC, 3x3, instalada em alvenaria - Fornecimento e instalação","un",235,15.36,3609.6]
["22.4.3","441111-0","Caixa retangular 4x2\", em PVC, de embutir instalada em alvenaria - Fornecimento e instalação","un",90,12.92,1162.8]
["22.4.4","456978-4","Caixa retangular 4x4\" em PVC, de embutir instalada em alvenaria - Fornecimento e instalação","un",96,18.400000000000002,1766.4]
["22.4.5","466126-5","Caixa retangular 4x4\" em PVC, de embutir instalada em gesso/drywall - Fornecimento e instalação.","un",119,24.71,2940.49]
["22.4.6","549551-2","Caixa de passagem  de embutir, instalada em alvenaria, CPT 15 referência tigre ou similar. Fornecimento e instalação","un",2,87.08,174.16]
["22.4.7","549551-2","Caixa de passagem  de sobrepor em PVC, dimensões internas 141x148x78,7mm, referência tigre ou similar. Fornecimento e instalação","un",7,90.53,633.71]
["22.4.8","598008-9","Condulete em PVC com tampa, tipo LR, para eletroduto roscável de 3/4\",  inclusive acessórios de fixação. Fornecimento e instalação.","un",1,46.25,46.25]
["22.4.9","470676-5","Condulete em PVC com tampa, tipo T, para eletroduto roscável de 3/4\",  inclusive acessórios de fixação. Fornecimento e instalação.","un",3,41.97,125.91]
["22.4.10","389182-8","Condulete em PVC com tampa, tipo X, para eletroduto roscável de 3/4\",  inclusive acessórios de fixação. Fornecimento e instalação.","un",90,48.65,4378.5]
["22.4.11","454252-5","Condulete em PVC com tampa, tipo T, para eletroduto roscável de 1\", inclusive acessorios de fixação. Fornecimento e instalação.","un",1,56.36,56.36]
["22.4.12","508417-2","Condulete em PVC com tampa, tipo X, para eletroduto roscável de 1\", aparente, inclusive acessórios de fixação. Fornecimento e instalação.","un",14,67.5,945]
["22.4.13","594197-7","Redução condulete em PVC  de 1\" para 3/4\"","un",2,9.620000000000001,19.239999999999998]
["22.5",null,"INTERRUPTORES, TOMADAS, ESPELHOS E ACESSÓRIOS",null,null,0,0]
["22.5.1","203830-7","Interruptor simples de embutir de uma seção para caixa 4x2\", composto por suporte, placa para um posto e um módulo de interruptor simples, cor Branca, linha Pialplus ou equivalente. Fornecimento e instalação.","cj",39,28.41,1107.99]
["22.5.2","203832-3","Interruptor simples de embutir de duas seções para caixa 4x2\", composto por suporte, placa para dois postos e dois módulos de interruptor simples, cor Branca, linha Pialplus ou equivalente. Fornecimento e instalação.","cj",4,48.8,195.2]
["22.5.3","203830-7","Interruptor simples  de uma seção, instalado em  condulete 4x2\", placa para um posto e um módulo de interruptor simples, cor Branca, linha Pialplus ou equivalente. Fornecimento e instalação.","cj",2,28.41,56.82]
["22.5.4","478879-6","Interruptor de embutir paralelo de duas seções para caixa 4x2\", composto por suporte, placa para dois posto e dois módulo, cor Branca, linha Pialplus ou equivalente. Fornecimento e instalação.","cj",6,63.07,378.42]
["22.5.5","203834-0","Interruptor simples de embutir de três seções para caixa 4x2\", composto por suporte, placa para três postos e três módulos de interruptor simples, cor Branca, linha Pialplus ou equivalente. Fornecimento e instalação.","cj",1,67.25,67.25]
["22.5.6","254126-2","Tomada de sobrepor (2p+t) para condulete (4 x 2)\" pol., com placa e módulo na linha Pialplus ou equivalente, sendo um módulo de 10A, na cor branca e  demais acessórios, inclusive instalação.","cj",50,29.18,1459]
["22.5.7","343077-4","Conjunto para duas tomadas de sobrepor (2p+t) para condulete (4 x 2)\" pol., com placa e módulo na linha Pialplus ou equivalente, sendo dois módulos de 10A, na cor branca e demais acessórios, inclusive instalação.","cj",10,49.239999999999995,492.4]
["22.5.8","439109-8","Tomada de embutir (2p+t) para caixa de 4 x 2 pol., com placa e módulo na linha Pialplus ou equivalente, sendo um módulo de 10A, na cor branca e  demais acessórios, inclusive instalação.","cj",26,30.939999999999998,804.44]
["22.5.9","439112-8","Conjunto para duas tomadas de embutir (2p+t) para caixa de 4 x 2 pol., com placa e módulo na linha Pialplus ou equivalente, sendo dois módulos de 10A, na cor branca e demais acessórios, inclusive instalação.","cj",127,50.96,6471.92]
["22.5.10","469301-9","Conjunto para tomadas de embutir para computador em caixa 4x4 pol., com quatro tomadas 2p+t, sendo três módulos de 10A, mais um módulo de 20A. Na cor vermelha, com placa e módulos na linha Pialplus ou equivalente.","cj",108,100.89,10896.12]
["22.5.11","469299-3","Conjunto para tomadas de sobrepor para computador, em condulete 2x(4x2\"), com quatro tomadas 2p+t, sendo três módulos de 10A, mais um módulo de 20A. Na cor vermelha, com placa e módulos na linha Pialplus ou equivalente.","cj",14,98.53,1379.42]
["22.5.12","429091-7","Tomada de embutir (2p+t) para caixa de 4 x 2 pol., com placa e módulo na linha Pialplus ou equivalente, sendo um módulo de 20A, na cor branca e demais acessórios, inclusive instalação.","cj",1,33.78,33.78]
["22.6",null,"LUMINÁRIAS",null,null,0,0]
["22.6.1","489970-9","Luminária arandela tipo tartaruga em alumínio na cor branca, com grade, para uma lâmpada base E27, inclusive lâmpada led bulbo de 20W, E27, 220V, 5000K - Fornecimento e instalação.  ","cj",4,130.34,521.36]
["22.6.2","468990-9","Luminária de embutir, com corpo em chapa de aço e pintura microtexturizada na cor branca e difusor em poliestireno translucido com LED'S de 12W, 220V - Fornecimento e instalação.","cj",10,140.63,1406.3]
["22.6.3","468985-2","Luminária de embutir, com corpo em chapa de aço fosfatizada e pintura microtexturizada, aletas parabólicas, refletores em alumínio alto brilho e difusores recuados em acrílico leitoso com LED'S de 37W, 220V - Fornecimento e instalação.","cj",225,374.06,84163.5]
[null,null,"CABEAMENTO ESTRUTURADO E REDE ESTABILIZADA",null,null,0,0]
["22.7",null,"CONDUTOS/CABOS",null,null,0,0]
["22.7.1","352158-3","Cabo de par trançado UTP, 4 pares, cat. 6,  Furukawa ou equivalente - Fornecimento e instalação.","m",15101.8,4.75,71733.55]
["22.7.2","470590-4","Espelho para condulete de 1\", para dois ponto RJ-45","un",14,10.75,150.5]
["22.7.3","523545-6","Espelho/placa para caixa 4x2\" , para dois ponto RJ-45","un",107,8,856]
["22.7.4","523546-4","Espelho/placa para caixa 4x2\" , para um ponto RJ-45","un",1,6.39,6.39]
["22.7.5","343284-0","Conector  fêmea RJ-45 (M8V) - CAT 6. fornecimento e instalação","un",245,36.980000000000004,9060.1]
["22.7.6","550154-7","Eletrocalha perfurada, galvanizada, em chapa 18, dim.: 300x100x3000mm, inclusive acessórios de derivação e fixação. Fornecimento e instalação.                        ","m",78.34,235.48999999999998,18448.28]
["23.0",null,"CLIMATIZAÇÃO",null,null,0,0]
["23.1","584945-4","Fornecimento e Instalação, conforme projeto, de Condicionador de ar do tipo FANCOLETE/CASSETE HIDRÔNICO, com capacidade de 10.000 BTU/h.  Realizar a interligação entre as unidades Evaporadora e Condensadora; inclusive fixação de unidade evaporadora e interligação de drenos, bem como todos os acessórios necessários para a completa instalação e funcionamento do sistema. A execução da instalação deve ser executada por Técnico de Refrigeração devidamente especializado em equipamentos do tipo FANCOIL/FANCOLETE. ","pç",6,7351.1900000000005,44107.14]
["23.2","465605-9","FANCOLETE/CASSETE HIDRÔNICO, com capacidade de 12.000 BTU/h.  Realizar a interligação entre as unidades Evaporadora e Condensadora; inclusive fixação de unidade evaporadora e interligação de drenos, bem como todos os acessórios necessários para a completa instalação e funcionamento do sistema. A execução da instalação deve ser executada por Técnico de Refrigeração devidamente especializado em equipamentos do tipo FANCOIL/FANCOLETE. ","pç",4,7351.1900000000005,29404.76]
["23.3","465608-3","Fornecimento e Instalação, conforme projeto, de Condicionador de ar do tipo FANCOLETE/CASSETE HIDRÔNICO, com capacidade de 16.000 BTU/h.  Realizar a interligação entre as unidades Evaporadora e Condensadora; inclusive fixação de unidade evaporadora e interligação de drenos, bem como todos os acessórios necessários para a completa instalação e funcionamento do sistema. A execução da instalação deve ser executada por Técnico de Refrigeração devidamente especializado em equipamentos do tipo FANCOIL/FANCOLETE. ","pç",7,7892.33,55246.31]
["23.4","465609-1","Fornecimento e Instalação, conforme projeto, de Condicionador de ar do tipo FANCOLETE/CASSETE HIDRÔNICO, com capacidade de 20.000 BTU/h.  Realizar a interligação entre as unidades Evaporadora e Condensadora; inclusive fixação de unidade evaporadora e interligação de drenos, bem como todos os acessórios necessários para a completa instalação e funcionamento do sistema. A execução da instalação deve ser executada por Técnico de Refrigeração devidamente especializado em equipamentos do tipo FANCOIL/FANCOLETE. ","pç",12,7892.33,94707.96]
["23.5","584961-6","Fornecimento e Instalação, conforme projeto, de Condicionador de ar do tipo FANCOLETE/CASSETE HIDRÔNICO, com capacidade de 25.000 BTU/h.  Realizar a interligação entre as unidades Evaporadora e Condensadora; inclusive fixação de unidade evaporadora e interligação de drenos, bem como todos os acessórios necessários para a completa instalação e funcionamento do sistema. A execução da instalação deve ser executada por Técnico de Refrigeração devidamente especializado em equipamentos do tipo FANCOIL/FANCOLETE. ","pç",5,7954.28,39771.4]
["23.6","465610-5","Fornecimento e Instalação, conforme projeto, de Condicionador de ar do tipo FANCOLETE/CASSETE HIDRÔNICO, com capacidade de 32.000 BTU/h.  Realizar a interligação entre as unidades Evaporadora e Condensadora; inclusive fixação de unidade evaporadora e interligação de drenos, bem como todos os acessórios necessários para a completa instalação e funcionamento do sistema. A execução da instalação deve ser executada por Técnico de Refrigeração devidamente especializado em equipamentos do tipo FANCOIL/FANCOLETE.","pç",4,7954.28,31817.119999999999]
["23.7","465611-3","Fornecimento e Instalação, conforme projeto, de Condicionador de ar do tipo FANCOLETE/CASSETE HIDRÔNICO, com capacidade de 42.000 BTU/h.  Realizar a interligação entre as unidades Evaporadora e Condensadora; inclusive fixação de unidade evaporadora e interligação de drenos, bem como todos os acessórios necessários para a completa instalação e funcionamento do sistema. A execução da instalação deve ser executada por Técnico de Refrigeração devidamente especializado em equipamentos do tipo FANCOIL/FANCOLETE. ","pç",10,7954.28,79542.8]
["23.8","465483-8","Fornecimento e Instalação, conforme projeto, de Condicionador de ar do tipo FANCOLETE/HIWALL HIDRÔNICO, com capacidade de 9.000 BTU/h.  Realizar a interligação entre as unidades Evaporadora e Condensadora; inclusive fixação de unidade evaporadora e interligação de drenos, bem como todos os acessórios necessários para a completa instalação e funcionamento do sistema. A execução da instalação deve ser executada por Técnico de Refrigeração devidamente especializado em equipamentos do tipo FANCOIL/FANCOLETE. ","pç",2,4156.79,8313.58]
["23.9","465491-9","Fornecimento e Instalação, conforme projeto, de Condicionador de ar do tipo FANCOLETE/HIWALL HIDRÔNICO, com capacidade de 18.000 BTU/h.  Realizar a interligação entre as unidades Evaporadora e Condensadora; inclusive fixação de unidade evaporadora e interligação de drenos, bem como todos os acessórios necessários para a completa instalação e funcionamento do sistema. A execução da instalação deve ser executada por Técnico de Refrigeração devidamente especializado em equipamentos do tipo FANCOIL/FANCOLETE. ","pç",1,7086.71,7086.71]
["23.10","585856-9","Fornecimento e Instalação TUBO FERRO GALVANIZADO DIN 2440 C/C - 3/4\"  com isolamento ARMAFLEX AF R, SUPORTE ARMAFIX, conexões e acessórios.","m",105,100.53999999999999,10556.7]
["23.11","585858-5","Fornecimento e Instalação TUBO FERRO GALVANIZADO DIN 2440 C/C - 1\" com isolamento ARMAFLEX AF R, SUPORTE ARMAFIX, conexões e acessórios.","m",102,105.03,10713.06]
["23.12","585860-7","Fornecimento e Instalação TUBO FERRO GALVANIZADO DIN 2440 C/C - 1 1/4\"  com isolamento ARMAFLEX AF R, SUPORTE ARMAFIX, conexões e acessórios.","m",18,114.68,2064.2399999999998]
["23.13","585861-5","Fornecimento e Instalação TUBO FERRO GALVANIZADO DIN 2440 C/C - 1 1/2\"  com isolamento ARMAFLEX AF R, SUPORTE ARMAFIX, conexões e acessórios.","m",42,122.5,5145]
["23.14","585862-3","Fornecimento e Instalação TUBO FERRO GALVANIZADO DIN 2440 C/C - 2\"  com isolamento ARMAFLEX AF R, SUPORTE ARMAFIX, conexões e acessórios.","m",53,135.94999999999999,7205.35]
["23.15","585863-1","Fornecimento e Instalação TUBO FERRO GALVANIZADO DIN 2440 C/C - 2 1/2\"  com isolamento ARMAFLEX AF R, SUPORTE ARMAFIX, conexões e acessórios.","m",126,169.09,21305.34]
["23.16","585864-0","Fornecimento e Instalação TUBO FERRO PRETO DIN 2440 C/C - 3\"  com isolamento ARMAFLEX AF R, SUPORTE ARMAFIX, conexões e acessórios.","m",105,335.63,35241.15]
["23.17","585865-8","Fornecimento e Instalação TUBO FERRO PRETO DIN 2440 C/C - 4\"   com isolamento ARMAFLEX AF R, SUPORTE ARMAFIX, conexões e acessórios.","m",4,475.83,1903.32]
["23.18","585866-6","Execução de rede de dreno em TUBO PVC, SOLDAVEL, DN 32 MM, AGUA FRIA (NBR-5648), revestido com isotubo cinza, para o isolamento térmico.","m",16,16.869999999999997,269.92]
["23.19","587418-1","Fornecimento e Instalação DIFUSOR 1 SAÍDA, C/ REGISTRO, 471 x 208 mm (modelo TROX ADQ-1/AG ou similar).","pç",1,211.98,211.98]
["23.20","587380-0","Fornecimento e Instalação DIFUSOR 1 SAÍDA, C/ REGISTRO, 571 x 208 mm (modelo TROX ADQ-1/AG ou similar).","pç",7,245.84,1720.88]
["23.21","587419-0","Fornecimento e Instalação DIFUSOR 1 SAÍDA, C/ REGISTRO, 571 x 264 mm (modelo TROX ADQ-1/AG ou similar).","pç",3,284.67999999999995,854.04]
["23.22","587420-3","Fornecimento e Instalação DIFUSOR 1 SAÍDA, C/ REGISTRO, 671 x 320 mm (modelo TROX ADQ-1/AG ou similar).","pç",1,358.08,358.08]
["23.23","587421-1","Fornecimento e Instalação DIFUSOR 2 SAÍDAS, C/ REGISTRO, 571 x 320 mm (modelo TROX ADQ-1/AG ou similar).","pç",4,345.27,1381.08]
["23.24","467082-5","Fornecimento e Instalação GRELHA SIMPLES DEFLEXÃO VERTICAL C/ REGISTRO DIM. 225 x 125 mm (modelo TROX VAT-AG ou similar).","pç",6,86.210000000000008,517.26]
["23.25","585926-3","Fornecimento e Instalação GRELHA SIMPLES DEFLEXÃO VERTICAL C/ REGISTRO DIM. 225 x 165 mm (modelo TROX VAT-AG ou similar).","pç",5,146.29,731.45]
["23.26","587403-3","Fornecimento e Instalação GRELHA SIMPLES DEFLEXÃO VERTICAL C/ REGISTRO DIM. 325 x 165 mm (modelo TROX VAT-AG ou similar).","pç",1,131.35999999999999,131.36000000000001]
["23.27","467437-5","Fornecimento e Instalação GRELHA SIMPLES DEFLEXÃO VERTICAL C/ REGISTRO DIM. 425 x 325 mm ( modelo TROX VAT-AG ou similar).","pç",5,253.9,1269.5]
["23.28","467082-5","Fornecimento e Instalação GRELHA SIMPLES DEFLEXÃO HORIZONTAL C/ REGISTRO DIM. 225 x 125 mm (modelo TROX AT-AG ou similar).","pç",6,84.06,504.36]
["23.29","467436-7","Fornecimento e Instalação GRELHA SIMPLES DEFLEXÃO HORIZONTAL C/ REGISTRO DIM. 225 x 165 mm (modelo TROX AT-AG ou similar).","pç",14,98.03,1372.42]
["23.30","587410-6","Fornecimento e Instalação GRELHA P/ PORTA, C/ DUPLA MOLDURA, 225x165 mm (modelo TROX AGS-T ou similar).","pç",2,124.91,249.82]
["23.31","587411-4","Fornecimento e Instalação GRELHA P/ PORTA, C/ DUPLA MOLDURA, 325x225 mm (modelo TROX AGS-T ou similar).","pç",4,188.33,753.32]
["23.32","587413-0","Fornecimento e Instalação GRELHA P/ PORTA, C/ DUPLA MOLDURA, 525x325 mm (modelo TROX AGS-T ou similar).","pç",2,320.35999999999996,640.72]
["23.33","587414-9","Fornecimento e Instalação GRELHA P/ PORTA, C/ DUPLA MOLDURA, 525x525 mm (modelo TROX AGS-T ou similar).","pç",1,448.21999999999997,448.22]
["23.34","587415-7","Fornecimento e Instalação GRELHA C/ ALETAS FIXAS, C/ REGISTRO, 1225x525 mm (modelo TROX AR-AG ou similar).","pç",2,756.6,1513.2]
["23.35","587422-0","Fornecimento e Instalação TOMADA DE AR EXTERIOR C/ FILTRO G4, 297x297 mm (modelo TROX VDF-711 ou similar).","pç",1,284,284]
["23.36","587423-8","Fornecimento e Instalação TOMADA DE AR EXTERIOR C/ FILTRO G4, 1197x497 mm (modelo TROX VDF-712 ou similar).","pç",3,1109.0999999999999,3327.3]
["23.37","587417-3","Fornecimento e Instalação DAMPER DE REGULAGEM, 800x405 mm. (modelo TROX RL-B ou similar).","pç",1,335.59999999999997,335.6]
["23.38","471644-2","Fornecimento e instalação de VÁLVULA DE BALANCEAMENTO E CONTROLE 3/4\"","pç",4,1493.74,5974.96]
["23.39","471646-9","Fornecimento e instalação de VÁLVULA DE BALANCEAMENTO E CONTROLE 1\"","pç",3,871.86,2615.58]
["23.40","473430-0","Fornecimento e instalação de VÁLVULA DE BALANCEAMENTO 1\"","pç",4,1505.03,6020.12]
["23.41","473431-9","Fornecimento e instalação de VÁLVULA DE BALANCEAMENTO 1 1/4\"","pç",5,1401.16,7005.8]
["23.42","473432-7","Fornecimento e instalação de VÁLVULA DE BALANCEAMENTO 1 1/2\"","pç",6,1530.86,9185.16]
["23.43","585954-9","Fornecimento e instalação de VÁLVULA DE BALANCEAMENTO 2\"","pç",1,1661.02,1661.02]
["23.44","585955-7","Fornecimento e instalação deVÁLVULA 2 VIAS PROPORCIONAL - 1\"","pç",1,871.86,871.86]
["23.45","585956-5","Fornecimento e instalação de VÁLVULA 2 VIAS PROPORCIONAL - 1 1/4\"","pç",1,2311.25,2311.25]
["23.46","585958-1","Fornecimento e instalação de VÁLVULA 2 VIAS PROPORCIONAL - 1 1/2\"","pç",1,3783.9500000000003,3783.95]
["23.47","585959-0","Fornecimento e instalação de VÁLVULA 2 VIAS PROPORCIONAL - 2\"","pç",2,4683.33,9366.66]
["23.48","432543-5","Fornecimento e instalação de DUTO FLEXÍVEL ALUMINIZADO 100 mm S/ ISOLAMENTO","m",20,34.08,681.6]
["23.49","432544-3","Fornecimento e instalação de DUTO FLEXÍVEL ALUMINIZADO 125 mm S/ ISOLAMENTO","m",15,36.489999999999995,547.35]
["23.50","471635-3","Fornecimento e instalação de DUTO FLEXÍVEL ALUMINIZADO 150 mm S/ ISOLAMENTO","m",40,39.010000000000005,1560.4]
["23.51","432545-1","Fornecimento e instalação de DUTO FLEXÍVEL ALUMINIZADO 200 mm S/ ISOLAMENTO","m",15,43.79,656.85]
["23.52","584860-1","Duto pré-fabricado em Chapa Galvanizada com isolamento Térmico em manta lã de vidro, material de sustentação/ acessórios (Canto, Garra e Perfil U) inclusive com teste de estanqueidade em 100% da Rede.","m²",1225,117.69,144170.25]
["24.0",null,"LIMPEZA FINAL",null,null,0,0]
["24.1","431654-1","Limpeza geral da obra","m²",3118.58,3.8899999999999997,12131.27]
["25.0",null,"DESMOBILIZAÇÃO DA OBRA",null,null,0,0]
["25.1","314578-6","Desmobilização da obra  (pessoal, máquinas e equipamentos).","un",1,1664.97,1664.97]
["TOTAL DA OBRA:",null,null,null,null,null,{"$f":"SUM(G11:G417)","v":6199478.8600000013}]